[Event "CRO-chT2 East"]
[Site "Croatia"]
[Date "2011.04.16"]
[Round "5"]
[White "Spoljar, Marijan"]
[Black "Pandurevic, Miro"]
[Result "1/2-1/2"]
[WhiteElo "2233"]
[BlackElo "2246"]
[PlyCount "97"]
[EventDate "2011.04.02"]
[EventType "tourn"]
[EventRounds "11"]
[EventCountry "CRO"]
[SourceTitle "EXT 2014"]
[Source "ChessBase"]
[SourceDate "2013.11.20"]
[SourceVersion "1"]
[SourceVersionDate "2013.11.20"]
[SourceQuality "1"]

1. e4 e6 2. d4 d5 3. e5 c5 4. c3 Qb6 5. Nf3 Bd7 6. a3 Bb5 7. b4 cxd4 8. Bxb5+ Qxb5 9. cxd4 a5 10. bxa5 Rxa5 11. Bd2 Ra7 12. Nc3 Qd7 13. Qb3 Nh6 14. 0-0 Nc6 15. Nb5 Ra8 16. Rfb1 Be7 17. Bxh6 gxh6 18. Qe3 0-0 19. Qxh6 f5 20. a4 Rf7 21. Ng5 Bxg5 22. Qxg5+ Rg7 23. Qd2 Na5 24. Nd6 Nc4 25. Qb4 Nxd6 26. exd6 Ra6 27. Rc1 Rxd6 28. Rc3 Rc6 29. Rac1 Rxc3 30. Rxc3 h6 31. Rg3 Rg5 32. Rxg5+ hxg5 33. h3 Kf7 34. a5 Kg6 35. g3 f4 36. Kg2 fxg3 37. fxg3 Qc6 38. g4 Qc2+ 39. Kg3 Qd3+ 40. Kg2 Qe2+ 41. Kg3 Qe3+ 42. Kg2 Qe4+ 43. Kg3 Qf4+ 44. Kg2 Qe4+ 45. Kg3 Qd3+ 46. Kg2 Qe2+ 47. Kg3 Qd3+ 48. Kg2 Qe2+ 49. Kg3 1/2-1/2

[Event "CRO-chT2 East"]
[Site "Osijek"]
[Date "2010.10.31"]
[Round "10.23"]
[White "Spoljar, Marijan"]
[Black "Tarakcija, Hazim"]
[Result "1-0"]
[WhiteElo "2233"]
[BlackElo "2194"]
[PlyCount "165"]
[EventDate "2010.04.17"]
[EventType "team-tourn"]
[EventRounds "11"]
[EventCountry "CRO"]
[SourceTitle "EXT 2012"]
[Source "ChessBase"]
[SourceDate "2011.11.24"]
[SourceVersion "1"]
[SourceVersionDate "2011.11.24"]
[SourceQuality "1"]

1. e4 c5 2. Nf3 Nc6 3. d4 cxd4 4. Nxd4 g6 5. c4 Bg7 6. Be3 Nf6 7. Nc3 Ng4 8. Qxg4 Nxd4 9. Qd1 Ne6 10. Qd2 Qa5 11. Rc1 b6 12. Be2 Bb7 13. f3 d6 14. 0-0 0-0 15. b3 Rfe8 16. Rfd1 g5 17. Nd5 Qxd2 18. Rxd2 Rac8 19. g3 h6 20. Bf1 Nc5 21. Bh3 Rcd8 22. Nc7 Rf8 23. Nb5 Ra8 24. Bd4 Bxd4+ 25. Nxd4 Kh7 26. Re1 Bc8 27. Bf5+ Bxf5 28. Nxf5 Rfe8 29. Kg2 Rad8 30. Red1 Rc8 31. Rh1 Rc7 32. Re2 h5 33. Rd1 Ne6 34. e5 Rc5 35. Nd4 Nxd4 36. Rxd4 dxe5 37. Rd7 Ra5 38. a4 Kg6 39. Red2 Kf6 40. Rb7 g4 41. Rdd7 e4 42. fxe4 Re5 43. Rd4 Ra8 44. Kf2 Re6 45. Ke3 Rd6 46. e5+ Kxe5 47. Rxe7+ Kf6 48. Rxf7+ Kxf7 49. Rxd6 Re8+ 50. Kf2 Rf8 51. Kg2 Ke7 52. Rh6 Rf3 53. Rxh5 Rxb3 54. Rh7+ Kf6 55. Rxa7 Rb2+ 56. Kg1 Rb4 57. Ra6 Kf5 58. a5 Rxc4 59. Rxb6 Ra4 60. a6 Ra2 61. Kf1 Rxh2 62. Rb5+ Ke4 63. Ra5 Rh8 64. a7 Ra8 65. Ke2 Kd4 66. Kd2 Ke4 67. Kc2 Kd4 68. Kb3 Ke4 69. Kb4 Kf3 70. Ra3+ Kf2 71. Kc4 Kg2 72. Kd4 Kh3 73. Ke4 Re8+ 74. Kd3 Ra8 75. Kd4 Kg2 76. Ke5 Kh3 77. Kd6 Kg2 78. Kc5 Rh8 79. a8Q+ Rxa8 80. Rxa8 Kxg3 81. Kd4 Kf2 82. Ke4 g3 83. Ra2+ 1-0

[Event "CRO-chT2c"]
[Site "Croatia"]
[Date "2009.10.17"]
[Round "7"]
[White "Ozanic, Marijan"]
[Black "Spoljar, Marijan"]
[Result "1/2-1/2"]
[WhiteElo "2149"]
[BlackElo "2234"]
[PlyCount "157"]
[EventDate "2009.04.04"]
[EventType "team-tourn"]
[EventRounds "11"]
[EventCountry "CRO"]
[SourceTitle "EXT 2011"]
[Source "ChessBase"]
[SourceDate "2010.11.26"]
[SourceVersion "1"]
[SourceVersionDate "2010.11.26"]
[SourceQuality "1"]

1. e4 c5 2. Nf3 d6 3. d4 cxd4 4. Nxd4 Nf6 5. Nc3 a6 6. Bc4 e6 7. Bb3 b5 8. f3 Be7 9. Be3 0-0 10. Qd2 Qc7 11. a4 b4 12. Na2 e5 13. Ne2 a5 14. c4 Na6 15. 0-0 Be6 16. Rac1 Nd7 17. Bd1 Nac5 18. b3 f5 19. exf5 Bxf5 20. Bc2 Bxc2 21. Qxc2 Qb7 22. Ng3 g6 23. Rcd1 Rac8 24. Nc1 Nf6 25. Bxc5 Rxc5 26. Nd3 Rcc8 27. Qe2 Rfe8 28. Nf2 Rcd8 29. Nfe4 Nxe4 30. Nxe4 d5 31. cxd5 Rxd5 32. Qc4 Red8 33. Rxd5 Qxd5 34. Rc1 Qxc4 35. bxc4 Kf7 36. Kf2 Ke6 37. Ke2 Rd4 38. g4 b3 39. Rb1 Rxc4 40. Rxb3 Rxa4 41. Rb6+ Kd7 42. Rb7+ Kd8 43. Rb5 Ra2+ 44. Kd3 a4 45. Nc3 Rxh2 46. Nxa4 Bd6 47. Ke4 Kd7 48. Nc3 Kc6 49. Rb3 Rd2 50. Nb5 Bb8 51. Rc3+ Kd7 52. Na3 Rd4+ 53. Ke3 Ba7 54. Ke2 Bb6 55. Rb3 Kc6 56. Nc2 Ra4 57. Nb4+ Kd6 58. Kd3 Bc5 59. Nc2 Rf4 60. Ke2 e4 61. fxe4 Rxg4 62. Rd3+ Ke6 63. Kf3 h5 64. Rd5 Be7 65. Nd4+ Kf7 66. Nc6 Kf6 67. Nxe7 Kxe7 68. Ra5 Rg1 69. Kf4 h4 70. Ra7+ Ke6 71. Ra6+ Kf7 72. Ra7+ Kf8 73. e5 h3 74. Rh7 g5+ 75. Kf5 g4 76. e6 Kg8 77. e7 Re1 78. Rh4 Rxe7 79. Kxg4 1/2-1/2

[Event "Bizovac Metalis op 14th"]
[Site "Bizovac"]
[Date "2007.02.22"]
[Round "2"]
[White "Pavasovic, Dusko"]
[Black "Spoljar, Marijan"]
[Result "1-0"]
[WhiteElo "2575"]
[BlackElo "2231"]
[PlyCount "53"]
[EventDate "2007.02.22"]
[EventType "swiss"]
[EventRounds "7"]
[EventCountry "CRO"]
[SourceTitle "CBM 116 Extra"]
[Source "ChessBase"]
[SourceDate "2007.03.07"]
[SourceVersion "1"]
[SourceVersionDate "2007.03.07"]
[SourceQuality "1"]

1. e4 c5 2. c3 d6 3. d4 Nf6 4. Bd3 cxd4 5. cxd4 g6 6. Nc3 Bg7 7. h3 Nc6 8. Nf3 0-0 9. 0-0 e5 10. dxe5 dxe5 11. Bc4 Qxd1 12. Rxd1 h6 13. Be3 a6 14. Bb6 Nd7 15. Bc7 Bf6 16. Rd6 Kg7 17. Nd5 Nd4 18. Nxd4 exd4 19. Rxf6 Nxf6 20. Be5 Be6 21. Bxf6+ Kh7 22. Bxd4 f5 23. Bb3 Bxd5 24. exd5 Rfe8 25. Rc1 Rac8 26. Rxc8 Rxc8 27. Bb6 1-0